书目信息 |
| 题名: |
海绵城市建设的景观安全格局规划途径
|
|
| 作者: | 陈哲夫 著 | |
| 分册: | ||
| 出版信息: | 南京 南京大学出版社 2020.03 |
|
| 页数: | 163页 | |
| 开本: | 23cm | |
| 丛书名: | ||
| 单 册: | ||
| 中图分类: | TU984.1 | |
| 科图分类: | ||
| 主题词: | 城市景观--cheng shi jing guan--城市规划 | |
| 电子资源: | ||
| ISBN: | 978-7-305-22997-8 | |
| 000 | 01160nam0 2200253 450 | |
| 001 | 2047312095 | |
| 005 | 20201107130839.07 | |
| 010 | @a978-7-305-22997-8@dCNY42.00 | |
| 100 | @a20200713d2020 em y0chiy50 ea | |
| 101 | 0 | @achi |
| 102 | @aCN@b320000 | |
| 105 | @aa a 000yy | |
| 200 | 1 | @a海绵城市建设的景观安全格局规划途径@Ahai mian cheng shi jian she de jing guan an quan ge ju gui hua tu jing@f陈哲夫 ... [等] 著 |
| 210 | @a南京@c南京大学出版社@d2020.03 | |
| 215 | @a163页@c图@d23cm | |
| 300 | @a湖南省环洞庭湖区域发展研究基地 湖南省自然科学基金项目 湖南省哲学社会科学基金项目共同资助 | |
| 304 | @a题名页题其余责任者: 陈端吕, 彭保发, 莫操湖, 赵迪 | |
| 320 | @a有书目 | |
| 330 | @a本书系统介绍了海绵城市规划与管理相关的各项内容。通过国内外经验总结以及国家海绵城市建设试点城市的实践, 特别是常德市的实践, 对海绵城市内涵和方向、目标和指标、规划编制指引、规划编制技术方法、规划模型应用、组织实施、规划管理、维护与保障、激励政策等关键问题给出较为清晰和明确的解释。 | |
| 606 | 0 | @a城市景观@Acheng shi jing guan@x城市规划 |
| 690 | @aTU984.1@v5 | |
| 701 | 0 | @a陈哲夫@Achen zhe fu@4著 |
| 801 | 0 | @aCN@b人天书店@c20201002 |
| 905 | @aZUCC@dTU984.1@eC651 | |
| 海绵城市建设的景观安全格局规划途径/陈哲夫 ... [等] 著.-南京:南京大学出版社,2020.03 |
| 163页:图;23cm |
| 湖南省环洞庭湖区域发展研究基地 湖南省自然科学基金项目 湖南省哲学社会科学基金项目共同资助 |
| ISBN 978-7-305-22997-8:CNY42.00 |
| 本书系统介绍了海绵城市规划与管理相关的各项内容。通过国内外经验总结以及国家海绵城市建设试点城市的实践, 特别是常德市的实践, 对海绵城市内涵和方向、目标和指标、规划编制指引、规划编制技术方法、规划模型应用、组织实施、规划管理、维护与保障、激励政策等关键问题给出较为清晰和明确的解释。 |
| ● |
| 相关链接 |
|
|
|
正题名:海绵城市建设的景观安全格局规划途径
索取号:TU984.1/C651
 
预约/预借
| 序号 | 登录号 | 条形码 | 馆藏地/架位号 | 状态 | 备注 |
| 1 | 1485456 | 214854567 | 建筑库201/201建筑库 92排2列3层/ [索取号:TU984.1/C651] | 在馆 | |
| 2 | 1485457 | 214854576 | 建筑库201/201建筑库 92排2列3层/ [索取号:TU984.1/C651] | 在馆 |